000 00885cam a22002651 4500
001 20035
003 BD-RjUL
005 20211209000519.0
008 140226r19491948nyu j 000 1 eng d
035 _a(BD-RjUL)20097
035 _a(OCoLC)1051014
040 _aDLC
_cOClCo
_dOCoLC
_dWaChenE
_dTSU
_dDLC
_dBD-RjUL
_beng
041 _aeng
082 0 4 _a823
_bSCB 1949
100 1 _aScholz, Jackson
_961653
245 1 0 _aBatter up /
_cby Jackson Scholz.
260 _aNew York :
_bW. Morrow,
_c1948 [Reprinted 1949]
300 _a212 p. ;
_c21 cm.
520 _aMarty Shane, a powerful hitter and part owner of a major league baseball club, is determined to use his talents, not his connections, to play for a professional team.
650 0 _aBaseball stories.
_961654
650 1 _aBaseball
_vFiction.
_961655
942 _2ddc
_cBK
999 _c20035
_d20035